[Event "18th Charleroi Open-A 2019"]
[Site "Charleroi"]
[Date "2019.07.29"]
[Round "3.32"]
[White "Philippe, Denis-Emmanuel"]
[Black "Van Haelst, Raymond"]
[Result "1/2-1/2"]
[WhiteElo "2015"]
[BlackElo "1947"]
[Annotator "NA"]
[PlyCount "113"]
[EventDate "2019.07.22"]
[EventType "swiss"]
[EventCountry "BEL"]
[SourceTitle "playchess.com"]
[Source "ChessBase"]
[SourceQuality "1"]
[TimeControl "40/5400+30:1800+30"]

1. d4 {[%emt 0:00:00]} d5 {[%emt 0:01:22]} 2. Nf3 {[%emt 0:00:00]} e6 {[%emt 0:00:23]} 3. e3 {[%emt 0:00:27]} c5 {[%emt 0:00:53]} 4. b3 {[%emt 0:05:40]} cxd4 {[%emt 0:01:17]} 5. exd4 {[%emt 0:00:43]} Nc6 {[%emt 0:01:34]} 6. Bb2 {[%emt 0:05:08]} Nf6 {[%emt 0:01:29]} 7. Bd3 {[%emt 0:03:36]} Be7 {[%emt 0:07:18]} 8. Nbd2 {[%emt 0:03:04]} a6 {[%emt 0:08:34]} 9. O-O {[%emt 0:01:44]} O-O {[%emt 0:00:33]} 10. Re1 {[%emt 0:06:40]} b5 {[%emt 0:07:12]} 11. Ne5 {[%emt 0:05:10]} Bb7 {[%emt 0:06:00]} 12. a3 {[%emt 0:07:32]} g6 {[%emt 0:09:02]} 13. Qf3 {[%emt 0:06:19]} Nxe5 {[%emt 0:02:32]} 14. dxe5 {[%emt 0:01:19]} Nh5 {[%emt 0:03:02]} 15. Qg4 {[%emt 0:05:52]} Ng7 {[%emt 0:04:06]} 16. Nf3 {[%emt 0:04:46]} Rc8 {[%emt 0:03:31]} 17. Bc1 {[%emt 0:05:41]} f5 {[%emt 0:03:57]} 18. Qf4 {[%emt 0:02:54]} Qd7 {[%emt 0:12:21]} 19. Qh6 {[%emt 0:02:33]} d4 {[%emt 0:03:02]} 20. Ng5 {[%emt 0:05:55]} Bxg5 {[%emt 0:00:12]} 21. Qxg5 {[%emt 0:00:39]} Qd5 {[%emt 0:00:21]} 22. Bd2 {[%emt 0:02:24]} Rf7 {[%emt 0:01:09]} 23. a4 {[%emt 0:02:15]} Nh5 {[%emt 0:01:50]} 24. f3 {[%emt 0:01:44]} Rfc7 {[%emt 0:04:48]} 25. axb5 {[%emt 0:20:25]} axb5 {[%emt 0:00:12]} 26. Ra2 {[%emt 0:00:00]} Ra8 {[%emt 0:00:32]} 27. Rxa8+ Bxa8 {[%emt 0:00:06]} 28. Bb4 {[%emt 0:00:00]} Ra7 {[%emt 0:00:51]} 29. Bd6 {[%emt 0:00:00]} Kg7 {[%emt 0:01:47]} 30. Qd8 {[%emt 0:00:00]} h6 {[%emt 0:01:01]} 31. Qb8 {[%emt 0:00:00]} Ra2 {[%emt 0:05:24]} 32. Qf8+ {[%emt 0:00:00]} Kh7 {[%emt 0:00:05]} 33. Qf7+ {[%emt 0:00:00]} Ng7 {[%emt 0:00:16]} 34. Bf8 {[%emt 0:00:00]} Qb7 {[%emt 0:00:15]} 35. Qf6 {[%emt 0:00:00]} Nh5 {[%emt 0:04:21]} 36. Qxe6 {[%emt 0:01:33]} Nf4 {[%emt 0:00:23]} 37. Qe7+ {[%emt 0:00:41]} Qxe7 {[%emt 0:00:08]} 38. Bxe7 {[%emt 0:00:04]} Nxd3 {[%emt 0:00:34]} 39. cxd3 {[%emt 0:00:05]} Bd5 {[%emt 0:01:05]} 40. Bc5 {[%emt 0:02:38]} Rd2 {[%emt 0:02:55]} 41. e6 {[%emt 0:10:10]} Bc6 {[%emt 0:00:39]} 42. e7 {[%emt 0:02:25]} Be8 {[%emt 0:00:05]} 43. b4 {[%emt 0:03:39]} Rxd3 {[%emt 0:01:31]} 44. Re5 {[%emt 0:03:31]} Kg8 {[%emt 0:03:33]} 45. Kf1 {[%emt 0:03:35]} Rd2 {[%emt 0:01:37]} 46. Rd5 {[%emt 0:01:13]} d3 {[%emt 0:00:32]} 47. h4 {[%emt 0:02:24]} h5 {[%emt 0:10:44]} 48. Rd4 {[%emt 0:00:39]} Kf7 {[%emt 0:00:36]} 49. g4 {[%emt 0:00:44]} hxg4 {[%emt 0:04:48]} 50. fxg4 {[%emt 0:00:14]} Rh2 {[%emt 0:00:54]} 51. gxf5 {[%emt 0:00:48]} gxf5 {[%emt 0:00:20]} 52. Kg1 {[%emt 0:02:02]} Rh3 {[%emt 0:02:11]} 53. Kg2 {[%emt 0:00:19]} Re3 {[%emt 0:00:36]} 54. Kf2 {[%emt 0:01:34]} Rh3 {[%emt 0:01:26]} 55. Kg2 {[%emt 0:00:29]} Re3 {[%emt 0:00:13]} 56. Kf2 {[%emt 0:02:17]} Rh3 {[%emt 0:00:25]} 57. Kg2 {[%emt 0:04:56]} 1/2-1/2

[Event "18th Charleroi Open-A 2019"]
[Site "Charleroi"]
[Date "2019.07.29"]
[Round "3.34"]
[White "Dierckens, Sarah"]
[Black "Guion, Geoffrey"]
[Result "1-0"]
[WhiteElo "1770"]
[BlackElo "2006"]
[Annotator "NA"]
[PlyCount "69"]
[EventDate "2019.07.22"]
[EventType "swiss"]
[EventCountry "BEL"]
[SourceTitle "playchess.com"]
[Source "ChessBase"]
[SourceQuality "1"]
[TimeControl "40/5400+30:1800+30"]

1. e4 {[%emt 0:00:00]} e6 {[%emt 0:00:00]} 2. d4 {[%emt 0:00:00]} d5 {[%emt 0:00:00]} 3. Nc3 {[%emt 0:00:00]} Nf6 {[%emt 0:00:00]} 4. Bg5 {[%emt 0:00:00]} dxe4 {[%emt 0:00:01]} 5. Nxe4 {[%emt 0:01:13]} Be7 {[%emt 0:00:09]} 6. Nxf6+ {[%emt 0:01:06]} Bxf6 {[%emt 0:00:16]} 7. Bxf6 {[%emt 0:00:07]} Qxf6 {[%emt 0:00:21]} 8. Nf3 {[%emt 0:00:23]} O-O {[%emt 0:01:51]} 9. Bd3 {[%emt 0:05:06]} c5 {[%emt 0:04:55]} 10. c3 {[%emt 0:01:46]} cxd4 {[%emt 0:02:19]} 11. Nxd4 {[%emt 0:00:11]} a6 {[%emt 0:00:53]} 12. O-O {[%emt 0:01:30]} e5 {[%emt 0:00:46]} 13. Nf3 {[%emt 0:03:05]} Bg4 {[%emt 0:00:58]} 14. Be4 {[%emt 0:00:11]} Nc6 {[%emt 0:01:43]} 15. Qa4 {[%emt 0:03:01]} Bd7 {[%emt 0:02:58]} 16. Rfe1 {[%emt 0:02:28]} Rfe8 {[%emt 0:00:37]} 17. Rad1 {[%emt 0:01:17]} Rad8 {[%emt 0:00:20]} 18. Qb3 {[%emt 0:03:04]} b5 {[%emt 0:03:11]} 19. Bxc6 {[%emt 0:04:23]} Bxc6 {[%emt 0:01:25]} 20. Rxd8 {[%emt 0:01:46]} Rxd8 {[%emt 0:06:09]} 21. Nxe5 {[%emt 0:04:11]} Rd2 {[%emt 0:21:07]} 22. Nf3 {[%emt 0:03:07]} Rd8 {[%emt 0:02:32]} 23. Nd4 {[%emt 0:01:14]} Bb7 {[%emt 0:03:31]} 24. f3 {[%emt 0:06:39]} g6 {[%emt 0:01:07]} 25. a4 {[%emt 0:04:02]} Bd5 {[%emt 0:08:17]} 26. Qb4 {[%emt 0:06:06]} bxa4 {[%emt 0:03:03]} 27. Qxa4 {[%emt 0:00:28]} Kg7 {[%emt 0:01:25]} 28. Qa5 {[%emt 0:02:14]} Rd6 {[%emt 0:01:41]} 29. Qc5 {[%emt 0:03:33]} Bb7 {[%emt 0:02:45]} 30. Re8 {[%emt 0:06:50]} Qf4 {[%emt 0:02:32]} 31. Re7 {[%emt 0:15:28]} Qc1+ {[%emt 0:03:51]} 32. Kf2 {[%emt 0:00:04]} Qxb2+ {[%emt 0:01:26]} 33. Kg3 {[%emt 0:00:13]} Rd5 {[%emt 0:03:57]} 34. Ne6+ {[%emt 0:06:46]} Kf6 {[%emt 0:02:17]} 35. Qc7 {[%emt 0:00:58]} 1-0

[Event "18th Charleroi Open-A 2019"]
[Site "Charleroi"]
[Date "2019.07.29"]
[Round "4.1"]
[White "Mirzoev, Azer"]
[Black "Gutenev, Alexander"]
[Result "1/2-1/2"]
[WhiteElo "2474"]
[BlackElo "2470"]
[Annotator "TA"]
[PlyCount "64"]
[EventDate "2019.07.22"]
[EventType "swiss"]
[EventCountry "BEL"]
[SourceTitle "playchess.com"]
[Source "ChessBase"]
[SourceQuality "1"]

{[%evp 21,64,13,21,7,12,5,14,10,8,9,19,0,12,0,0,0,0,-4,-10,-1,6,0,0,0,0,0,24,0,0,0,0,0,0,0,0,0,0,0,0,0,0,-8,-10,-16,-16]} 1. d4 Nf6 2. Nf3 g6 3. g3 Bg7 4. Bg2 O-O 5. O-O d5 6. Nbd2 c6 7. c4 Bf5 8. b3 Ne4 9. Bb2 a5 10. Nh4 Nxd2 11. Qxd2 Be6 12. cxd5 {D78: Fianchetto Grünfeld: 6 0-0 c6} (12. f4 Nd7 13. f5 gxf5 14. Nxf5 Bxf5 15. Rxf5 e6 16. Rff1 f5 17. cxd5 cxd5 18. Rac1 Nf6 19. Bf3 a4 {0-1 (39) Wang,H (2730)-Dubov,D (2703) St Petersburg 2018}) 12... cxd5 13. Rfc1 Nc6 14. e3 Qd6 $146 ({Predecessor:} 14... Qb6 15. Ba3 Rfc8 16. Bf1 Nb4 17. Ng2 Bh3 18. Rxc8+ Rxc8 19. Bxb4 Qxb4 20. Qxb4 axb4 {½-½ (57) Bastys,R (2236)-Bilinskas,R (2311) Vilnius 2000}) 15. a4 Rfc8 16. Bf1 Nb4 17. Ba3 Bf6 18. Nf3 Bf5 19. Be2 Qb6 20. Ne1 h5 21. Rxc8+ Rxc8 22. Rc1 Rxc1 23. Qxc1 h4 24. Bb5 Qd6 {The position is equal.} 25. Nf3 Bg4 26. Be2 Qe6 27. Bxb4 axb4 28. Bd1 Qf5 29. Ne1 e5 30. dxe5 Bxe5 31. Qc2 hxg3 32. hxg3 Qxc2 {Accuracy: White = 72%, Black = 80%.} 1/2-1/2

[Event "18th Charleroi Open-A 2019"]
[Site "Charleroi"]
[Date "2019.07.29"]
[Round "4.2"]
[White "Lugovskoy, Maxim"]
[Black "Maerevoet, Sim"]
[Result "1/2-1/2"]
[WhiteElo "2425"]
[BlackElo "2321"]
[Annotator "NA"]
[PlyCount "65"]
[EventDate "2019.07.22"]
[EventType "swiss"]
[EventCountry "BEL"]
[SourceTitle "playchess.com"]
[Source "ChessBase"]
[SourceQuality "1"]
[TimeControl "40/5400+30:1800+30"]

1. e4 {[%emt 0:00:00]} c5 {[%emt 0:00:00]} 2. Nf3 {[%emt 0:00:00]} d6 {[%emt 0:00:00]} 3. Bb5+ {[%emt 0:00:00]} Nd7 {[%emt 0:01:06]} 4. d4 {[%emt 0:00:00]} cxd4 {[%emt 0:01:27]} 5. Qxd4 {[%emt 0:00:04]} a6 {[%emt 0:00:44]} 6. Bxd7+ {[%emt 0:00:04]} Bxd7 {[%emt 0:00:05]} 7. c4 {[%emt 0:00:08]} e5 {[%emt 0:06:31]} 8. Qd3 {[%emt 0:00:03]} Rc8 {[%emt 0:00:06]} 9. Nc3 {[%emt 0:01:13]} Qc7 {[%emt 0:07:48]} 10. b3 {[%emt 0:00:15]} b5 {[%emt 0:00:12]} 11. Nd5 {[%emt 0:00:36]} Qc5 {[%emt 0:00:59]} 12. Nd2 {[%emt 0:00:00]} Ne7 {[%emt 0:10:23]} 13. O-O {[%emt 0:00:00]} Nxd5 {[%emt 0:01:16]} 14. exd5 {[%emt 0:00:00]} Be7 {[%emt 0:01:26]} 15. Ne4 {[%emt 0:16:39]} bxc4 {[%emt 0:24:41]} 16. Qg3 {[%emt 0:04:33]} Qxd5 {[%emt 0:01:08]} 17. Qxg7 {[%emt 0:00:44]} Rf8 {[%emt 0:00:15]} 18. Qxh7 {[%emt 0:11:18]} Bc6 {[%emt 0:01:13]} 19. Re1 {[%emt 0:00:39]} f5 {[%emt 0:03:54]} 20. bxc4 {[%emt 0:06:24]} Qxc4 {[%emt 0:07:09]} 21. Ng3 {[%emt 0:15:45]} f4 {[%emt 0:10:40]} 22. Nf5 {[%emt 0:02:37]} Qf7 {[%emt 0:01:54]} 23. Ng7+ {[%emt 0:05:27]} Kd8 {[%emt 0:00:45]} 24. Bd2 {[%emt 0:00:02]} Rg8 {[%emt 0:04:40]} 25. Ba5+ {[%emt 0:00:30]} Rc7 {[%emt 0:00:07]} 26. Bxc7+ {[%emt 0:10:36]} Kxc7 {[%emt 0:00:09]} 27. Rac1 {[%emt 0:00:12]} Qxg7 {[%emt 0:08:01]} 28. Rxc6+ {[%emt 0:00:03]} Kxc6 {[%emt 0:00:07]} 29. Rc1+ {[%emt 0:00:03]} Kd5 {[%emt 0:00:13]} 30. Qh3 {[%emt 0:00:02]} e4 {[%emt 0:02:02]} 31. Qf5+ {[%emt 0:10:02]} Qe5 {[%emt 0:00:44]} 32. Qd7 {[%emt 0:01:41]} Qg5 {[%emt 0:00:20]} 33. g3 {[%emt 0:02:08]} 1/2-1/2

[Event "18th Charleroi Open-A 2019"]
[Site "Charleroi"]
[Date "2019.07.29"]
[Round "4.3"]
[White "Gurevich, Mikhail"]
[Black "Hoffmeister, Frank"]
[Result "1-0"]
[WhiteElo "2587"]
[BlackElo "2187"]
[Annotator "RC"]
[PlyCount "95"]
[EventDate "2019.07.22"]
[EventType "swiss"]
[EventCountry "BEL"]
[TimeControl "40/5400+30:1800+30"]

1. c4 {[%emt 0:03:01]} c6 {[%emt 0:00:00]} 2. Nf3 {[%emt 0:00:04]} d5 {[%emt 0:00:00]} 3. e3 {[%emt 0:00:03]} Nf6 {[%emt 0:00:00]} 4. Nc3 {[%emt 0:00:40]} e6 {[%emt 0:02:29]} 5. Qc2 {[%emt 0:00:10]} Nbd7 {[%emt 0:00:53]} 6. b3 {[%emt 0:00:37]} Bd6 {[%emt 0:00:13]} 7. Bb2 {[%emt 0:00:12]} a6 {[%emt 0:00:23]} 8. d4 {[%emt 0:00:11]} O-O {[%emt 0:00:30]} 9. Be2 {[%emt 0:00:13]} b5 {[%emt 0:09:46]} 10. O-O {[%emt 0:02:42]} Bb7 {[%emt 0:00:40]} 11. e4 {[%emt 0:10:04]} b4 {[%emt 0:10:21]} 12. e5 {[%emt 0:00:31]} bxc3 {[%emt 0:00:08]} 13. Bxc3 {[%emt 0:00:05]} Be7 {[%emt 0:12:34]} 14. exf6 {[%emt 0:02:05]} Nxf6 {[%emt 0:01:00]} 15. Rad1 {[%emt 0:06:28]} Ne4 {[%emt 0:03:45]} 16. Bb2 {[%emt 0:01:31]} c5 {[%emt 0:04:57]} 17. dxc5 {[%emt 0:03:27]} Bxc5 {[%emt 0:00:06]} 18. Bd3 {[%emt 0:01:19]} Qe7 {[%emt 0:02:19]} 19. cxd5 {[%emt 0:11:51]} exd5 {[%emt 0:00:08]} 20. Qc1 {[%emt 0:00:13]} f5 {[%emt 0:14:23]} 21. Bd4 {[%emt 0:10:31]} Bb4 {[%emt 0:16:17]} 22. Qa1 {[%emt 0:02:34]} Rac8 {[%emt 0:00:16]} 23. Rc1 {[%emt 0:01:06]} Ba3 {[%emt 0:01:10]} 24. Rxc8 {[%emt 0:01:41]} Rxc8 {[%emt 0:00:01]} 25. Qe1 {[%emt 0:00:40]} Qb4 {[%emt 0:05:42]} 26. Qe3 {[%emt 0:02:39]} Re8 {[%emt 0:04:46]} 27. Ba1 {[%emt 0:05:04]} Qc5 {[%emt 0:01:15]} 28. Nd4 {[%emt 0:01:27]} Qf8 {[%emt 0:00:54]} 29. Qf4 {[%emt 0:00:42]} g6 {[%emt 0:03:06]} 30. f3 {[%emt 0:04:01]} Bd6 {[%emt 0:00:32]} 31. Qh4 {[%emt 0:06:44]} Be7 {[%emt 0:01:25]} 32. Qe1 {[%emt 0:02:17]} Bb4 {[%emt 0:00:52]} 33. Qh4 {[%emt 0:08:17]} Be7 {[%emt 0:00:28]} 34. Qh3 {[%emt 0:00:04]} Ng5 {[%emt 0:02:49]} 35. Qg3 {[%emt 0:00:35]} f4 {[%emt 0:00:18]} 36. Qf2 {[%emt 0:01:04]} Bc5 {[%emt 0:00:05]} 37. Kh1 {[%emt 0:00:54]} Re3 {[%emt 0:02:51]} 38. Qd2 {[%emt 0:00:19]} Bb4 {[%emt 0:00:57]} 39. Qd1 {[%emt 0:00:08]} Qe7 {[%emt 0:00:14]} 40. Nc2 {[%emt 0:00:11]} Re6 {[%emt 0:00:31]} 41. Nxb4 {[%emt 0:34:17]} Qxb4 {[%emt 0:30:01]} 42. Qc1 {[%emt 0:01:32]} Qf8 {[%emt 0:00:00]} 43. Qc3 {[%emt 0:00:00]} Nf7 {[%emt 0:00:00]} 44. Qd4 {[%emt 0:00:00]} Re3 {[%emt 0:00:00]} 45. Rd1 {[%emt 0:00:00]} Ne5 {[%emt 0:00:00]} 46. Bf1 {[%emt 0:00:00]} a5 {[%emt 0:00:00]} 47. Qb6 {[%emt 0:00:00]} Qb4 {[%emt 0:00:00]} 48. Qc7 {[%emt 0:00:00]} 1-0

[Event "18th Charleroi Open-A 2019"]
[Site "Charleroi"]
[Date "2019.07.29"]
[Round "4.4"]
[White "Verheyen, Olivier"]
[Black "Gijsen, Stief"]
[Result "1/2-1/2"]
[WhiteElo "2200"]
[BlackElo "2227"]
[Annotator "NA"]
[PlyCount "66"]
[EventDate "2019.07.22"]
[EventType "swiss"]
[EventCountry "BEL"]
[SourceTitle "playchess.com"]
[Source "ChessBase"]
[SourceQuality "1"]
[TimeControl "40/5400+30:1800+30"]

1. e4 {[%emt 0:00:00]} e5 {[%emt 0:00:00]} 2. Nf3 {[%emt 0:00:00]} Nc6 {[%emt 0:00:00]} 3. d4 {[%emt 0:00:00]} exd4 {[%emt 0:00:00]} 4. Nxd4 {[%emt 0:00:00]} Nf6 {[%emt 0:00:00]} 5. Nxc6 {[%emt 0:00:00]} bxc6 {[%emt 0:00:00]} 6. e5 {[%emt 0:00:00]} Qe7 {[%emt 0:00:02]} 7. Qe2 {[%emt 0:00:00]} Nd5 {[%emt 0:00:04]} 8. c4 {[%emt 0:00:01]} Nb6 {[%emt 0:01:09]} 9. Nc3 {[%emt 0:00:21]} Ba6 {[%emt 0:03:36]} 10. b3 {[%emt 0:04:28]} O-O-O {[%emt 0:02:29]} 11. Bb2 {[%emt 0:03:59]} Re8 {[%emt 0:01:21]} 12. O-O-O {[%emt 0:09:59]} Qg5+ {[%emt 0:20:38]} 13. Kb1 {[%emt 0:10:05]} f6 {[%emt 0:00:19]} 14. Qc2 {[%emt 0:08:38]} fxe5 {[%emt 0:11:24]} 15. c5 {[%emt 0:03:12]} Bxf1 {[%emt 0:00:05]} 16. cxb6 {[%emt 0:00:13]} axb6 {[%emt 0:06:53]} 17. Rhxf1 {[%emt 0:13:13]} Qxg2 {[%emt 0:00:06]} 18. Rg1 {[%emt 0:18:59]} Qxh2 {[%emt 0:06:26]} 19. Qf5 {[%emt 0:00:54]} Re6 {[%emt 0:05:24]} 20. Ne4 {[%emt 0:13:53]} Qf4 {[%emt 0:07:19]} 21. Qxf4 {[%emt 0:00:17]} exf4 {[%emt 0:00:03]} 22. f3 {[%emt 0:00:27]} Rg6 {[%emt 0:05:12]} 23. Rxg6 {[%emt 0:09:34]} hxg6 {[%emt 0:00:04]} 24. Rg1 {[%emt 0:00:08]} d5 {[%emt 0:09:12]} 25. Ng5 {[%emt 0:01:01]} Bc5 {[%emt 0:00:51]} 26. Rg2 {[%emt 0:00:44]} Rh1+ {[%emt 0:04:21]} 27. Kc2 {[%emt 0:00:28]} Be3 {[%emt 0:01:59]} 28. Ne6 {[%emt 0:02:01]} Rf1 {[%emt 0:03:16]} 29. Rxg6 {[%emt 0:00:50]} Rxf3 {[%emt 0:00:12]} 30. Rxg7 {[%emt 0:00:23]} Rf2+ {[%emt 0:00:12]} 31. Kb1 {[%emt 0:00:07]} Rf1+ {[%emt 0:00:20]} 32. Kc2 {[%emt 0:00:04]} Rf2+ {[%emt 0:05:06]} 33. Kb1 {[%emt 0:00:04]} Rf1+ {[%emt 0:00:34]} 1/2-1/2

[Event "18th Charleroi Open-A 2019"]
[Site "Charleroi"]
[Date "2019.07.29"]
[Round "4.5"]
[White "De Waele, Warre"]
[Black "Godry, Clement"]
[Result "1-0"]
[WhiteElo "2225"]
[BlackElo "1962"]
[Annotator "NA"]
[PlyCount "69"]
[EventDate "2019.07.22"]
[EventType "swiss"]
[EventCountry "BEL"]
[SourceTitle "playchess.com"]
[Source "ChessBase"]
[SourceQuality "1"]
[TimeControl "40/5400+30:1800+30"]

1. d4 {[%emt 0:02:07]} Nf6 {[%emt 0:00:00]} 2. c4 {[%emt 0:00:29]} e6 {[%emt 0:00:00]} 3. Nf3 {[%emt 0:00:08]} d5 {[%emt 0:00:07]} 4. g3 {[%emt 0:00:51]} Be7 {[%emt 0:00:09]} 5. Bg2 {[%emt 0:00:06]} dxc4 {[%emt 0:00:07]} 6. O-O {[%emt 0:01:06]} O-O {[%emt 0:00:35]} 7. Qc2 {[%emt 0:01:38]} b5 {[%emt 0:00:58]} 8. a4 {[%emt 0:00:09]} b4 {[%emt 0:02:54]} 9. Nfd2 {[%emt 0:00:42]} Nd5 {[%emt 0:00:29]} 10. Nxc4 {[%emt 0:02:47]} a5 {[%emt 0:00:34]} 11. Nbd2 {[%emt 0:03:43]} Nd7 {[%emt 0:02:43]} 12. Nb3 {[%emt 0:08:37]} c6 {[%emt 0:03:37]} 13. e4 {[%emt 0:03:04]} N5f6 {[%emt 0:00:21]} 14. Rd1 {[%emt 0:00:47]} Bb7 {[%emt 0:02:04]} 15. Bf4 {[%emt 0:02:43]} Nh5 {[%emt 0:01:24]} 16. Be3 {[%emt 0:00:33]} Qc7 {[%emt 0:04:05]} 17. Bf3 {[%emt 0:04:21]} Nhf6 {[%emt 0:00:13]} 18. Bf4 {[%emt 0:00:13]} Qd8 {[%emt 0:00:24]} 19. Nc5 {[%emt 0:03:50]} Ba6 {[%emt 0:02:20]} 20. Nxa6 {[%emt 0:02:53]} Rxa6 {[%emt 0:01:36]} 21. Be2 {[%emt 0:00:12]} Qa8 {[%emt 0:21:30]} 22. Ne5 {[%emt 0:12:03]} Rb6 {[%emt 0:01:56]} 23. Bc4 {[%emt 0:08:45]} Rc8 {[%emt 0:09:15]} 24. Bg5 {[%emt 0:04:11]} Nf8 {[%emt 0:13:53]} 25. Rac1 {[%emt 0:04:44]} h6 {[%emt 0:01:07]} 26. Be3 {[%emt 0:00:44]} Rb7 {[%emt 0:02:54]} 27. Bb5 {[%emt 0:01:27]} cxb5 {[%emt 0:02:48]} 28. Qxc8 {[%emt 0:00:05]} Qxc8 {[%emt 0:00:06]} 29. Rxc8 {[%emt 0:00:05]} Nxe4 {[%emt 0:00:18]} 30. axb5 {[%emt 0:00:39]} Nd6 {[%emt 0:01:29]} 31. Ra8 {[%emt 0:00:26]} Rxb5 {[%emt 0:00:11]} 32. Nc6 {[%emt 0:00:36]} Bf6 {[%emt 0:00:15]} 33. Bf4 {[%emt 0:01:30]} Rd5 {[%emt 0:02:00]} 34. Be5 {[%emt 0:00:47]} Bxe5 {[%emt 0:00:44]} 35. Ne7+ {[%emt 0:00:06]} 1-0

[Event "18th Charleroi Open-A 2019"]
[Site "Charleroi"]
[Date "2019.07.29"]
[Round "4.6"]
[White "Huynh, Laurent"]
[Black "Abdullayev, Elshad"]
[Result "0-1"]
[WhiteElo "2111"]
[BlackElo "2204"]
[Annotator "NA"]
[PlyCount "62"]
[EventDate "2019.07.22"]
[EventType "swiss"]
[EventCountry "BEL"]
[SourceTitle "playchess.com"]
[Source "ChessBase"]
[SourceQuality "1"]
[TimeControl "40/5400+30:1800+30"]

1. e4 {[%emt 0:00:00]} c5 {[%emt 0:00:47]} 2. c4 {[%emt 0:00:47]} Nc6 {[%emt 0:01:14]} 3. Nc3 {[%emt 0:00:04]} g6 {[%emt 0:00:10]} 4. g3 {[%emt 0:00:07]} Bg7 {[%emt 0:00:48]} 5. Bg2 {[%emt 0:00:16]} d6 {[%emt 0:01:04]} 6. Nge2 {[%emt 0:00:28]} h5 {[%emt 0:01:10]} 7. h3 {[%emt 0:01:03]} Bd7 {[%emt 0:02:58]} 8. a3 {[%emt 0:05:11]} Qc8 {[%emt 0:00:31]} 9. d3 {[%emt 0:01:47]} Nd4 {[%emt 0:05:33]} 10. Rb1 {[%emt 0:02:49]} Rb8 {[%emt 0:02:44]} 11. Nxd4 {[%emt 0:06:04]} cxd4 {[%emt 0:00:11]} 12. Ne2 {[%emt 0:04:52]} b5 {[%emt 0:00:23]} 13. b3 {[%emt 0:03:44]} bxc4 {[%emt 0:13:34]} 14. dxc4 {[%emt 0:00:30]} e5 {[%emt 0:00:32]} 15. Qd3 {[%emt 0:00:51]} f5 {[%emt 0:01:23]} 16. f3 {[%emt 0:08:00]} Nf6 {[%emt 0:02:35]} 17. Bg5 {[%emt 0:11:58]} Nh7 {[%emt 0:11:39]} 18. Bd2 {[%emt 0:04:08]} O-O {[%emt 0:03:30]} 19. Ng1 {[%emt 0:15:40]} Nf6 {[%emt 0:22:26]} 20. Bg5 {[%emt 0:08:44]} Qa6 {[%emt 0:01:07]} 21. b4 {[%emt 0:04:12]} Rbc8 {[%emt 0:14:22]} 22. Rc1 {[%emt 0:05:16]} Be6 {[%emt 0:01:49]} 23. Bf1 {[%emt 0:00:29]} Qb7 {[%emt 0:03:31]} 24. Bxf6 {[%emt 0:02:42]} Bxf6 {[%emt 0:00:49]} 25. h4 {[%emt 0:00:15]} d5 {[%emt 0:01:40]} 26. exd5 {[%emt 0:00:37]} Bxd5 {[%emt 0:00:23]} 27. c5 {[%emt 0:00:58]} e4 {[%emt 0:00:28]} 28. Qa6 {[%emt 0:00:16]} Qc7 {[%emt 0:03:35]} 29. f4 {[%emt 0:00:08]} d3 {[%emt 0:00:54]} 30. Rh2 {[%emt 0:00:05]} Qg7 {[%emt 0:00:54]} 31. Qa4 {[%emt 0:01:13]} Bb2 {[%emt 0:00:50]} 0-1

[Event "18th Charleroi Open-A 2019"]
[Site "Charleroi"]
[Date "2019.07.29"]
[Round "4.7"]
[White "Manafov, Vugar"]
[Black "Miezis, Normunds"]
[Result "0-1"]
[WhiteElo "2175"]
[BlackElo "2495"]
[Annotator "RC"]
[PlyCount "112"]
[EventDate "2019.07.22"]
[EventType "swiss"]
[EventCountry "BEL"]
[TimeControl "40/5400+30:1800+30"]

1. Nf3 {[%emt 0:00:41]} c5 {[%emt 0:00:00]} 2. g3 {[%emt 0:00:04]} Nc6 {[%emt 0:00:07]} 3. Bg2 {[%emt 0:00:06]} g6 {[%emt 0:00:21]} 4. O-O {[%emt 0:00:05]} Bg7 {[%emt 0:00:09]} 5. e4 {[%emt 0:00:19]} e5 {[%emt 0:01:48]} 6. d3 {[%emt 0:00:30]} Nge7 {[%emt 0:01:18]} 7. Nh4 {[%emt 0:00:43]} O-O {[%emt 0:03:54]} 8. f4 {[%emt 0:00:18]} exf4 {[%emt 0:00:23]} 9. gxf4 {[%emt 0:00:05]} f5 {[%emt 0:00:17]} 10. Nc3 {[%emt 0:01:18]} d6 {[%emt 0:03:02]} 11. Be3 {[%emt 0:02:16]} Nd4 {[%emt 0:02:20]} 12. Qd2 {[%emt 0:07:52]} Rb8 {[%emt 0:04:49]} 13. Nf3 {[%emt 0:06:23]} b5 {[%emt 0:06:56]} 14. Rae1 {[%emt 0:01:23]} b4 {[%emt 0:03:32]} 15. Nd1 {[%emt 0:00:56]} Ne6 {[%emt 0:02:40]} 16. Ng5 {[%emt 0:03:13]} Nxg5 {[%emt 0:07:22]} 17. fxg5 {[%emt 0:00:06]} Ba6 {[%emt 0:06:47]} 18. Rf2 {[%emt 0:06:37]} Qd7 {[%emt 0:13:07]} 19. Bf4 {[%emt 0:13:37]} Bb7 {[%emt 0:08:50]} 20. c3 {[%emt 0:07:20]} bxc3 {[%emt 0:06:11]} 21. bxc3 {[%emt 0:00:37]} Rbd8 {[%emt 0:00:18]} 22. Ne3 {[%emt 0:02:53]} fxe4 {[%emt 0:12:31]} 23. dxe4 {[%emt 0:00:07]} Qe6 {[%emt 0:00:36]} 24. Nd5 {[%emt 0:01:34]} Kh8 {[%emt 0:02:13]} 25. Re3 {[%emt 0:04:49]} Bxd5 {[%emt 0:05:43]} 26. exd5 {[%emt 0:00:12]} Qd7 {[%emt 0:00:21]} 27. Re6 {[%emt 0:06:16]} Nf5 {[%emt 0:00:12]} 28. Bh3 {[%emt 0:00:43]} Qa4 {[%emt 0:00:26]} 29. Bxf5 {[%emt 0:01:18]} Rxf5 {[%emt 0:00:09]} 30. Bxd6 {[%emt 0:01:02]} Qg4+ {[%emt 0:04:01]} 31. Bg3 {[%emt 0:01:55]} Rf4 {[%emt 0:05:07]} 32. Rf3 Rxf3 {[%emt 0:00:00]} 33. Qe2 {[%emt 0:31:12]} Rf2 34. Qxf2 {[%emt 0:00:00]} Bxc3 {[%emt 0:00:00]} 35. Qf7 {[%emt 0:00:00]} Bd4+ {[%emt 0:00:54]} 36. Kg2 {[%emt 0:00:00]} Qxg5 {[%emt 0:00:10]} 37. Re8+ {[%emt 0:00:00]} Rxe8 {[%emt 0:00:02]} 38. Qxe8+ {[%emt 0:00:00]} Kg7 {[%emt 0:00:08]} 39. Qd7+ {[%emt 0:00:00]} Kh6 {[%emt 0:00:15]} 40. Qh3+ {[%emt 0:00:00]} Kg7 {[%emt 0:00:42]} 41. Qd7+ {[%emt 0:02:38]} Kh6 {[%emt 0:30:13]} 42. Qh3+ {[%emt 0:00:02]} Qh5 {[%emt 0:00:42]} 43. Bf4+ {[%emt 0:04:32]} g5 {[%emt 0:00:11]} 44. Qe6+ {[%emt 0:00:03]} Qg6 {[%emt 0:00:19]} 45. Qh3+ {[%emt 0:00:09]} Kg7 {[%emt 0:00:40]} 46. Qd7+ {[%emt 0:00:04]} Qf7 {[%emt 0:00:41]} 47. Qxf7+ {[%emt 0:00:03]} Kxf7 {[%emt 0:00:08]} 48. Bxg5 {[%emt 0:00:02]} Kg6 {[%emt 0:00:37]} 49. Bf4 {[%emt 0:01:19]} Kf5 {[%emt 0:01:00]} 50. Kf3 {[%emt 0:00:16]} Be5 {[%emt 0:01:33]} 51. Bh6 {[%emt 0:02:43]} Bxh2 {[%emt 0:00:00]} 52. Bf8 {[%emt 0:00:00]} Bg1 {[%emt 0:00:00]} 53. d6 {[%emt 0:00:00]} Ke6 {[%emt 0:00:00]} 54. Ke4 {[%emt 0:00:00]} a6 {[%emt 0:00:00]} 55. a4 {[%emt 0:00:00]} h5 {[%emt 0:00:00]} 56. Be7 {[%emt 0:00:00]} Bh2 {[%emt 0:04:15] Kd4} 0-1